00935nam a2200241 i 4500001000300000003000400003005001700007008003900024015001700063040001400080080001000094080001200104245024400116260004400360300003700404504002600441655003000467650001500497650001500512700002700527700004200554856009700596bgBPK20220127084706.0971016s1988 pl a f f |000 0 pol aPB 1989/1643 aWA NcBPK a681.5 a(075.8)00aLaboratorium podstaw automatyki :bpraca zbiorowa.nT. 2 /cpod red. Józefa Lisowskiego ; [oprac. Zespół Teorii i Techniki Sterowania Instytutu Automatyki Okrętowej w składzie Andrzej Gawrychowski et al. ; Wyższa Szkoła Morska]. aGdynia :bWydaw. Uczelniane WSM,c1988. a 202 s. :brys., wykr. ;c21 cm. aBibliogr. przy rozdz. 4aPodręczniki akademickie 4aSterowanie 4aAutomatyka1 aGawrychowski, Andrzej.1 aLisowski, Józefd(1943- )eRedakcja uhttp://koha.tu.koszalin.pl/cgi-bin/koha/opac-detail.pl?biblionumber=3854yKatalog online BPK